Missing Word: Supreme Basketball Court Justices Quiz Stats

 Plays Quiz Updated Dec 19, 2017

Challenge
Share
Tweet
Embed
Score 0/20 Timer 03:00
1 Play Today
Justice Name % Correct
William ______ TaftHoward
96.4%
William _______Johnson
94.4%
_____ F. ByrnesJames
93.1%
Clarence ______Thomas
89.5%
_______ M. KennedyAnthony
88.1%
_______ Evans HughesCharles
87%
Smith ________Thompson
75.4%
____ Haynes SwayneNoah
73.8%
____ WarrenEarl
69.9%
Samuel Freeman ______Miller
57%
Justice Name % Correct
_____ SutherlandGeorge
49.3%
James ______Wilson
47.5%
______ GrayHorace
42.8%
______ ButlerPierce
40.3%
David _____Davis
38.7%
John ________Marshall
38.5%
John ___Jay
37.1%
_______ StoryJoseph
23.3%
William O. _______Douglas
19.2%
_____ B. TaneyRoger
10.1%

Today's Daily Dose

You're not logged in!

Compare scores with friends on all Sporcle quizzes.
Join for Free
OR
Log In

You Might Also Like...

Show Comments

Extras

Top Quizzes Today


Score Distribution

Your Account Isn't Verified!

In order to create a playlist on Sporcle, you need to verify the email address you used during registration. Go to your Sporcle Settings to finish the process.

Report this User

Report this user for behavior that violates our Community Guidelines.

Details: